Online
Catalog

Narradores cubanos de hoy : (Record no. 21939)

MARC details
000 -CABECERA
campo de control de longitud fija 00534nam a2200157 a 4500
001 - NÚMERO DE CONTROL
campo de control 000022441
005 - FECHA Y HORA DE LA ÚLTIMA TRANSACCIÓN
campo de control 20200930021625.0
008 - DATOS DE LONGITUD FIJA--INFORMACIÓN GENERAL
campo de control de longitud fija 101011s2005 cu a 001 0 spa d
020 ## - NÚMERO INTERNACIONAL ESTÁNDAR DEL LIBRO
Número Internacional Estándar del Libro 9591010656
040 ## - FUENTE DE LA CATALOGACIÓN
Centro catalogador/agencia de origen DO-SdBNP
Lengua de catalogación spa
Centro/agencia transcriptor BNPHU
049 ## - FONDOS LOCALES (OCLC)
Fondos de biblioteca BNPD
100 1# - ENTRADA PRINCIPAL--NOMBRE DE PERSONA
Nombre de persona Riverón, Rogelio M.
Forma completa/desarrollada del nombre (Riverón Morales)
Fechas asociadas al nombre 1964-
9 (RLIN) 46257
245 10 - MENCIÓN DE TÍTULO
Título Narradores cubanos de hoy :
Resto del título entrevistas y relatos /
Mención de responsabilidad, etc. Rogelio M. Riverón.
260 ## - PUBLICACIÓN, DISTRIBUCIÓN, ETC.
Lugar de publicación, distribución, etc. La Habana :
Nombre del editor, distribuidor, etc. Instituto Cubano del Libro
-- Editorial Letra Cubana,
Fecha de publicación, distribución, etc. 2005.
300 ## - DESCRIPCIÓN FÍSICA
Extensión 343 p. :
Otras características físicas il. ;
Dimensiones 19 cm.
Holdings
Estado de retiro Estado de pérdida Restricciones de uso No para préstamo Código de colección Localización permanente Ubicación/localización actual Ubicación en estantería Fecha de adquisición Número de inventario Total de préstamos Signatura topográfica completa Código de barras Fecha visto por última vez Precio válido a partir de Tipo de ítem Koha
      Excluido de préstamo Monografías: Libros y Folletos Patrimonio Dominicano Patrimonio Dominicano En catalogación 11.10.2010 LF1   22441-10 25.06.2020 25.06.2020 No se presta

Powered by Koha